[Event "Berlin-ch U18 final"]
[Site "Berlin"]
[Date "2009.02.04"]
[Round "4.1"]
[White "Tran Viet, Linh"]
[Black "Kachibadze, Georg"]
[Result "0-1"]
[WhiteElo "1634"]
[BlackElo "2109"]
[PlyCount "54"]
[EventDate "2009.02.01"]
[EventType "swiss"]
[EventRounds "7"]
[EventCountry "GER"]
[SourceTitle "EXT 2022"]
[Source "ChessBase"]
[SourceDate "2021.10.06"]
[SourceVersion "1"]
[SourceVersionDate "2021.10.06"]
[SourceQuality "1"]

1. e4 c5 2. Nf3 Nc6 3. d4 cxd4 4. Nxd4 Nf6 5. Nc3 g6 6. Be3 Bg7 7. Nxc6 bxc6 8. e5 Ng8 9. f4 Nh6 10. Bc4 0-0 11. 0-0 d6 12. Qd2 Nf5 13. Rad1 Qc7 14. exd6 exd6 15. Bf2 d5 16. Bb3 Ba6 17. Rfe1 Rfe8 18. g4 Nd6 19. Bg3 Nc4 20. Bxc4 Bxc4 21. b3 Ba6 22. Na4 Rxe1+ 23. Rxe1 c5 24. f5 Qc6 25. Be5 Bb7 26. Bxg7 d4 27. Kf1 Qh1+ 0-1

[Event "Berlin-ch U16 final"]
[Site "Berlin"]
[Date "2008.01.12"]
[Round "7.6"]
[White "Tran Viet, Linh"]
[Black "Fataliyeva, Sabina"]
[Result "1-0"]
[WhiteElo "1432"]
[BlackElo "1080"]
[PlyCount "99"]
[EventDate "2008.01.06"]
[EventType "swiss"]
[EventRounds "7"]
[EventCountry "GER"]
[SourceTitle "EXT 2022"]
[Source "ChessBase"]
[SourceDate "2021.10.06"]
[SourceVersion "1"]
[SourceVersionDate "2021.10.06"]
[SourceQuality "1"]

1. e4 e5 2. Nf3 Nc6 3. Bb5 d6 4. 0-0 Nf6 5. Re1 Bd7 6. c3 a6 7. Ba4 b5 8. Bc2 Bg4 9. d3 h6 10. a4 Be7 11. Na3 0-0 12. Be3 d5 13. axb5 Bxa3 14. Rxa3 axb5 15. Rxa8 Qxa8 16. Bc5 Re8 17. exd5 Nxd5 18. Qe2 Nf6 19. h3 Bh5 20. g4 Bg6 21. Nh4 Bh7 22. Kh2 Qd8 23. Rg1 Nd7 24. Be3 Qxh4 25. g5 Bf5 26. Qf3 g6 27. gxh6 Qf6 28. Bb3 Bxd3 29. Qxf6 Nxf6 30. Bg5 Ne4 31. Be3 b4 32. Rxg6+ Kh7 33. Rxc6 bxc3 34. bxc3 Re7 35. f3 Nd6 36. Bg5 Rd7 37. Rc5 e4 38. Rd5 Kg6 39. Ba4 c6 40. Bxc6 Rc7 41. Rxd6+ Kxg5 42. h7 Rc8 43. Bxe4 Bxe4 44. fxe4 f6 45. c4 Kg6 46. Rd7 Rb8 47. Kg3 Rb3+ 48. Kg4 Rb8 49. c5 Re8 50. Kf4 1-0

[Event "Berlin-ch U16 final"]
[Site "Berlin"]
[Date "2008.01.07"]
[Round "2.1"]
[White "Tran Viet, Linh"]
[Black "Kachibadze, Georg"]
[Result "0-1"]
[WhiteElo "1432"]
[BlackElo "2068"]
[PlyCount "56"]
[EventDate "2008.01.06"]
[EventType "swiss"]
[EventRounds "7"]
[EventCountry "GER"]
[SourceTitle "EXT 2022"]
[Source "ChessBase"]
[SourceDate "2021.10.06"]
[SourceVersion "1"]
[SourceVersionDate "2021.10.06"]
[SourceQuality "1"]

1. e4 c5 2. Nf3 d6 3. d4 cxd4 4. Nxd4 Nf6 5. Nc3 a6 6. Bc4 e6 7. Bb3 Nbd7 8. f4 Qc7 9. Qf3 Nc5 10. Be3 Bd7 11. f5 e5 12. Nde2 Bc6 13. Bd5 Ncxe4 14. Bxe4 Nxe4 15. Nxe4 d5 16. Nd2 d4 17. Ne4 dxe3 18. Qxe3 0-0-0 19. c3 f6 20. a4 Qd7 21. a5 Qxf5 22. N2g3 Qf4 23. Qe2 Bb5 24. Qf3 Rd3 25. Qxf4 exf4 26. Nf2 Re3+ 27. Kd2 fxg3 28. Kxe3 Bc5+ 0-1